Fundamentals of physics / (Record no. 10144)

MARC details
000 -LEADER
fixed length control field 01918cmm a22003974a 4500
001 - CONTROL NUMBER
control field 12400936
003 - CONTROL NUMBER IDENTIFIER
control field EG-ScBUE
005 - DATE AND TIME OF LATEST TRANSACTION
control field 20250126110031.0
008 - FIXED-LENGTH DATA ELEMENTS--GENERAL INFORMATION
fixed length control field 010507t2004 nyu f eng d
020 ## - INTERNATIONAL STANDARD BOOK NUMBER
International Standard Book Number 0471419621
020 ## - INTERNATIONAL STANDARD BOOK NUMBER
International Standard Book Number 0471378186 (container)
040 ## - CATALOGING SOURCE
Original cataloging agency DLC
Language of cataloging eng
Description conventions rda
Transcribing agency DLC
Modifying agency EG-ScBUE
082 04 - DEWEY DECIMAL CLASSIFICATION NUMBER
Classification number 530
Edition number 22
Item number HAL
100 1# - MAIN ENTRY--PERSONAL NAME
Personal name Halliday, David,
Dates associated with a name 1916-
Relator term author.
245 10 - TITLE STATEMENT
Title Fundamentals of physics /
Statement of responsibility, etc David Halliday, University of Pittsburgh, Robert Resnick, Rensselaer Polytrchnic Institute, Jearl Walker, Clevland State University.
250 ## - EDITION STATEMENT
Edition statement Sixth edition.
264 #1 - PUBLICATION, DISTRIBUTION, ETC. (IMPRINT)
Place of publication, distribution, etc New York :
Name of publisher, distributor, etc John Wiley & Sons, Inc.,
Date of publication, distribution, etc [2004]
264 #4 - PUBLICATION, DISTRIBUTION, ETC. (IMPRINT)
Date of publication, distribution, etc c2004
300 ## - PHYSICAL DESCRIPTION
Extent 384 pages ;
Accompanying material 25 cm.
336 ## - CONTENT TYPE
Source rdacontent
Content type term text
Content type code txt
337 ## - MEDIA TYPE
Media type term unmediated
Source rdamedia
Media type code n
338 ## - CARRIER TYPE
Carrier type term volume
Carrier type code nc
Source rdacarrier
490 0# - SERIES STATEMENT
Series statement Studen`ts solution manual
500 ## - GENERAL NOTE
General note Title from disc label.
520 ## - SUMMARY, ETC.
Summary, etc Study aid for physics students. Contains the complete contents of the textbook Fundamentals of physics by Halliday, Resnick, and Walker as well as content from the student solutions manual and study guide. Features interactive problem solving software, simulations taken from key concepts in the textbook, and video tutorials.
521 ## - TARGET AUDIENCE NOTE
Target audience note Physics students.
538 ## - SYSTEM DETAILS NOTE
System details note System requirements for Windows: 166MHz Pentium; 32MB RAM; Windows 95/98; 4MB free hard disk space; 800 x 600 resolution; Windows-compatible sound card; 4X CD-ROM drive.
538 ## - SYSTEM DETAILS NOTE
System details note System requirements for Macintosh: 166MHz Power Macintosh 8500; 64MB RAM; System 8.0 or higher; 4MB free hard disk space; 800 x 600 resolution; 4X CD-ROM drive.
650 #7 - SUBJECT ADDED ENTRY--TOPICAL TERM
Topical term or geographic name as entry element Physics.
Source of heading or term BUEsh
655 ## - INDEX TERM--GENRE/FORM
Form subdivision Reading book
700 1# - ADDED ENTRY--PERSONAL NAME
Personal name Resnick, Robert,
Dates associated with a name 1923-
Relator term author.
700 1# - ADDED ENTRY--PERSONAL NAME
Personal name Walker, Jearl,
Dates associated with a name 1945-
Relator term author.
906 ## - LOCAL DATA ELEMENT F, LDF (RLIN)
a 7
b cbc
c orignew
d 2
e ncip
f 20
g y-gencompf
942 ## - ADDED ENTRY ELEMENTS (KOHA)
Source of classification or shelving scheme Dewey Decimal Classification
Koha item type Book - Borrowing
Holdings
Withdrawn status Lost status Source of classification or shelving scheme Damaged status Not for loan Collection code Home library Current library Shelving location Date acquired Source of acquisition Total Checkouts Full call number Barcode Date last seen Price effective from Koha item type
    Dewey Decimal Classification     Baccah Central Library Central Library First floor 31/08/2008 Purchase   530 HAL 000013788 15/07/2025 31/08/2008 Book - Borrowing